000 00452nam a2200193Ia 4500
005 20250603144557.0
008 250603s9999 xx 000 0 und d
020 _a0-534-46224-3
050 _aQH 307.2 .S73/
100 _aStarr, Cecie
245 0 _aBiology : concepts and application
250 _a4th ed.
260 _aAustralia
260 _bThomson Brooks\cole
260 _c2006
300 _a795 p
650 _aAustralia
942 _cBK
999 _c39331
_d39331